000 00591nam a2200229Ia 4500
003 OSt
005 20221005090437.0
006 a|||||r|||| 00| 0
007 ta
008 221004b |||||||| |||| 00| 0 eng d
024 _a90192
037 _cTextual
040 _aCRL
_cCRL
_beng
041 _2eng
_aeng
082 _aT.1, M2
100 _aAltbach Philip G.
_938394
245 0 _aComparative education
260 _aNew York
_bMacmillan Publsihing U.S.A.
_c1982
650 _aEDUCATION
942 _hT.1, M2
_cTEXL
_2cc
999 _c995791
_d995791